| 000 | 00480nam a2200181Ia 4500 | ||
|---|---|---|---|
| 001 | 20689 | ||
| 005 | 20260306172824.0 | ||
| 008 | 260306t2017||||xx |||||||||||||| ||spa|| | ||
| 041 | _aESP | ||
| 082 |
_a343.6 _bR738A |
||
| 100 |
_aRetamozo Linares, Alberto _eAUT |
||
| 245 | 0 | _aLa impugnación de las bases en los procesos de contratación con el estado | |
| 260 | _c2017 | ||
| 300 |
_a134 páginas : _c24 cm. |
||
| 650 | _aGEN | ||
| 654 | _aCDE | ||
| 942 |
_cLIB _dJUS _fJUS _2ddc _n |
||
| 999 |
_c20689 _d20689 |
||